[Event "GER-ch 74th"]
[Site "Saarbruecken"]
[Date "2002.11.23"]
[Round "2"]
[White "Schmidt, Harald"]
[Black "Slobodjan, Roman"]
[Result "0-1"]
[WhiteElo "2332"]
[BlackElo "2521"]
[EventDate "2002.11.22"]
[PlyCount "88"]

1. c4 e6 2. Nf3 Nf6 3. Nc3 d5 4. d4 dxc4 5. e4 Bb4 6. Bg5 c5 7. Bxc4 cxd4 8. Nxd4 Bxc3+ 9. bxc3 Qa5 10. Bb5+ Nbd7 11. Bxf6 Qxc3+ 12. Kf1 gxf6 13. Nxe6 Qe5 14. Nd4 O-O 15. Qg4+ Kh8 16. Rd1 Nc5 17. Qh4 Ne6 18. Bc4 Nxd4 19. f4 Qd6 20. e5 fxe5 21. fxe5 Qxe5 22. Rxd4 Bf5 23. Qf4 Rae8 24. Kf2 b5 25. Qxe5+ Rxe5 26. Be2 Rfe8 27. Bf3 a5 28. a3 Rc8 29. Ra1 Kg7 30. Kg3 Bg6 31. Kf4 Rf5+ 32. Ke3 Rc3+ 33. Kd2 Rfc5 34. Rd5 Rc2+ 35. Ke1 Rxd5 36. Bxd5 Rc3 37. Bf3 Rb3 38. Kd2 Kf6 39. h4 h6 40. h5 Bf5 41. a4 b4 42. Rc1 Rd3+ 43. Ke2 Rd6 44. Rc4 b3 0-1

[Event "GER-ch 74th"]
[Site "Saarbruecken"]
[Date "2002.11.23"]
[Round "2"]
[White "Schulz, Karsten"]
[Black "Gutman, Lev"]
[Result "1-0"]
[WhiteElo "2321"]
[BlackElo "2476"]
[EventDate "2002.11.22"]
[PlyCount "81"]

1. Nf3 Nf6 2. g3 g6 3. b3 Bg7 4. Bb2 O-O 5. Bg2 d5 6. c4 c6 7. O-O Qb6 8. Qc2 Na6 9. Nc3 Bg4 10. Ne5 d4 11. Na4 Qd8 12. Nxg4 Nxg4 13. a3 Qd7 14. b4 Rac8 15. Rac1 Rfd8 16. Qb3 c5 17. e3 b6 18. exd4 cxd4 19. c5 b5 20. c6 Qf5 21. Nc5 Nc7 22. Nb7 Re8 23. Rc5 Qe6 24. Qxe6 Nxe6 25. Rxb5 Ne5 26. Na5 Nd8 27. Bxd4 Ndxc6 28. Nxc6 Nxc6 29. Be3 Nd4 30. Rb7 e5 31. Bxd4 exd4 32. Bd5 Re5 33. Bxf7+ Kh8 34. Rxa7 Bh6 35. d3 Re2 36. Bc4 Rc2 37. Bd5 R8c3 38. b5 Rc5 39. b6 Rxd5 40. b7 Rb5 41. Re1 1-0

[Event "GER-ch 74th"]
[Site "Saarbruecken"]
[Date "2002.11.23"]
[Round "2"]
[White "Schunk, Eduard"]
[Black "Bastian, Herbert"]
[Result "1-0"]
[WhiteElo "2297"]
[BlackElo "2376"]
[EventDate "2002.11.22"]
[PlyCount "91"]

1. e4 c5 2. Nf3 a6 3. d3 e6 4. g3 Nc6 5. Bg2 Nf6 6. O-O d6 7. Re1 Be7 8. c3 O-O 9. Nbd2 Rb8 10. a3 Qc7 11. Qe2 b5 12. b4 a5 13. Bb2 Nd7 14. d4 axb4 15. axb4 cxb4 16. cxb4 Nxb4 17. Rec1 Qd8 18. Bc3 d5 19. Rcb1 Nc2 20. Ba5 Qe8 21. Ra2 Na3 22. Rb3 Nc4 23. exd5 Nxa5 24. Rxa5 exd5 25. Re3 Qd8 26. Rxb5 Ba6 27. Rxb8 Nxb8 28. Qd1 Nc6 29. Qa4 Qb6 30. Ne5 Nxe5 31. Rxe5 Bb4 32. Nb3 Bd6 33. Rxd5 Bd3 34. h4 Bc2 35. Qb5 Qc7 36. Nc5 Rb8 37. Qe2 Bg6 38. h5 Bxg3 39. hxg6 Bh2+ 40. Kh1 hxg6 41. Be4 Re8 42. Rd7 Qb8 43. Qa2 Qf4 44. Rxf7 Qh6 45. Rf3+ Kh7 46. Kg2 1-0

[Event "GER-ch 74th"]
[Site "Saarbruecken"]
[Date "2002.11.23"]
[Round "2"]
[White "Schunk, Thomas"]
[Black "Pirrot, Dieter"]
[Result "0-1"]
[WhiteElo "2294"]
[BlackElo "2421"]
[EventDate "2002.11.22"]
[PlyCount "64"]

1. Nf3 Nc6 2. c4 e5 3. Nc3 Nf6 4. a3 d5 5. cxd5 Nxd5 6. d4 exd4 7. Nxd4 Nxc3 8. bxc3 Bc5 9. e3 O-O 10. Qh5 Nxd4 11. cxd4 Bxd4 12. Ra2 Be6 13. Rc2 Bb3 14. Rc4 Bxc4 15. Bxc4 Bc3+ 16. Ke2 Qf6 17. Bd3 g6 18. Qb5 b6 19. h4 Rad8 20. h5 c6 21. Qb3 Rd7 22. Rh3 Rfd8 23. e4 Ba1 24. hxg6 hxg6 25. Rg3 Qd6 26. f4 Kg7 27. Qb1 Qf6 28. e5 Qh4 29. Rf3 Bc3 30. Bb2 Bxb2 31. Qxb2 Rxd3 32. Rxd3 Qg4+ 0-1

[Event "GER-ch 74th"]
[Site "Saarbruecken"]
[Date "2002.11.23"]
[Round "2"]
[White "Seger, Ruediger"]
[Black "Luther, Thomas"]
[Result "1/2-1/2"]
[WhiteElo "2406"]
[BlackElo "2538"]
[EventDate "2002.11.22"]
[PlyCount "87"]

1. e4 Nf6 2. e5 Nd5 3. d4 d6 4. Nf3 dxe5 5. Nxe5 c6 6. Nd2 Nd7 7. Ndf3 Nxe5 8. Nxe5 Bf5 9. Bc4 e6 10. O-O Bd6 11. Re1 Qc7 12. c3 O-O-O 13. Qe2 f6 14. Nf3 g5 15. Kh1 h5 16. Bd3 Bg4 17. h3 Bf4 18. Be4 Kb8 19. Bxd5 exd5 20. Bxf4 Qxf4 21. Qe3 Qc7 22. Nd2 Bd7 23. Nf1 Rde8 24. Qg3 Qxg3 25. fxg3 Kc7 26. Kg1 Kd6 27. Kf2 Bf5 28. Re3 Be4 29. Rae1 f5 30. Nd2 g4 31. Nb3 b6 32. Nc1 c5 33. Ne2 Rc8 34. Rd1 a5 35. Nf4 c4 36. h4 b5 37. a3 Rb8 38. Ra1 Rh6 39. Ke2 Kc6 40. Kd2 Kd6 41. Ree1 Rb7 42. Ra2 Rb8 43. Raa1 Rb7 44. Ra2 1/2-1/2

[Event "GER-ch 74th"]
[Site "Saarbruecken"]
[Date "2002.11.23"]
[Round "2"]
[White "Siebrecht, Sebastian"]
[Black "Dautov, Rustem"]
[Result "1/2-1/2"]
[WhiteElo "2426"]
[BlackElo "2617"]
[EventDate "2002.11.22"]
[PlyCount "61"]

1. d4 d5 2. Nf3 Nf6 3. c4 c6 4. Nc3 a6 5. a4 e6 6. Bg5 Nbd7 7. a5 h6 8. Bh4 Bb4 9. Qa4 Be7 10. e3 O-O 11. Bd3 c5 12. O-O cxd4 13. exd4 dxc4 14. Qxc4 b5 15. axb6 Bb7 16. Bxf6 Bxf6 17. Be4 Nxb6 18. Qe2 Qb8 19. Ra3 Be7 20. Rb3 Bxe4 21. Qxe4 Qd6 22. Ne5 Bf6 23. Qg4 Nd5 24. Ne4 Qc7 25. Rc3 Nxc3 26. Nxf6+ Kh8 27. Qg6 gxf6 28. Qxh6+ Kg8 29. bxc3 fxe5 30. Qg5+ Kh7 31. Qh5+ 1/2-1/2

[Event "GER-ch 74th"]
[Site "Saarbruecken"]
[Date "2002.11.23"]
[Round "2"]
[White "Singer, Christoph"]
[Black "Riegler, Dieter"]
[Result "1/2-1/2"]
[WhiteElo "2341"]
[BlackElo "2233"]
[EventDate "2002.11.22"]
[PlyCount "108"]

1. d4 Nf6 2. Bf4 g6 3. e3 Bg7 4. Nf3 O-O 5. Be2 d6 6. h3 Nbd7 7. O-O Qe8 8. Bh2 e5 9. c3 Qe7 10. a4 Re8 11. Na3 e4 12. Nd2 h5 13. c4 Nf8 14. b4 a5 15. bxa5 Rxa5 16. Nb5 Ne6 17. Qc2 Ra8 18. Kh1 Ng5 19. c5 Rd8 20. cxd6 cxd6 21. Nc4 Ne8 22. Nb6 Rb8 23. Rac1 Bf5 24. Nc7 Nxc7 25. Qxc7 Qxc7 26. Rxc7 Ne6 27. Rc2 h4 28. Rfc1 Bf8 29. Bb5 Kg7 30. Kg1 g5 31. Nd5 Ra8 32. Kf1 Kg6 33. Ke1 Rab8 34. Kd2 Ng7 35. Nb6 Ne8 36. Nd5 Nf6 37. Nxf6 Kxf6 38. Rc7 Be6 39. Kc2 Rbc8 40. Kb2 Rxc7 41. Rxc7 Rb8 42. Bc4 Bxc4 43. Rxc4 Ke7 44. Rc7+ Ke8 45. Kb3 Be7 46. d5 Kd8 47. Rc4 f5 48. Rb4 Kc7 49. f3 exf3 50. gxf3 Rf8 51. Kc3 Ra8 52. Kd3 Ra5 53. e4 fxe4+ 54. fxe4 b5 1/2-1/2

[Event "GER-ch 74th"]
[Site "Saarbruecken"]
[Date "2002.11.23"]
[Round "2"]
[White "Stewart, Neil"]
[Black "Bischof, Detlef"]
[Result "0-1"]
[WhiteElo "2388"]
[BlackElo "2268"]
[EventDate "2002.11.22"]
[PlyCount "70"]

1. e4 e6 2. d3 d5 3. Nd2 Nf6 4. Ngf3 b6 5. e5 Nfd7 6. d4 c5 7. c3 Be7 8. Bb5 a5 9. O-O Ba6 10. a4 O-O 11. Re1 Qc8 12. Nf1 Nc6 13. Bd2 Na7 14. Bxa6 Qxa6 15. h4 Nc6 16. Bg5 b5 17. N3h2 bxa4 18. Qg4 Qd3 19. Re3 Qf5 20. Qxf5 exf5 21. e6 Bxg5 22. hxg5 cxd4 23. cxd4 fxe6 24. Rxe6 Nxd4 25. Rd6 Nc5 26. Rxd5 Ne2+ 27. Kh1 Ne4 28. g3 f4 29. Rxa4 Nxf2+ 30. Kg2 fxg3 31. Rdxa5 Rxa5 32. Rxa5 gxh2 33. Nxh2 Ne4 34. Ng4 Nf4+ 35. Kf3 Nxg5+ 0-1

[Event "GER-ch 74th"]
[Site "Saarbruecken"]
[Date "2002.11.23"]
[Round "2"]
[White "Tabatt, Hendrik"]
[Black "Scherer, Max"]
[Result "1-0"]
[WhiteElo "2222"]
[BlackElo "2339"]
[EventDate "2002.11.22"]
[PlyCount "107"]

1. d4 e6 2. Nf3 b6 3. e4 Bb7 4. Bd3 c5 5. c3 Nf6 6. Qe2 Be7 7. O-O Nc6 8. Bg5 h6 9. Bxf6 gxf6 10. d5 Na5 11. Nbd2 Qc7 12. Rac1 exd5 13. exd5 Bxd5 14. Be4 Bxe4 15. Qxe4 Nc6 16. b4 O-O-O 17. b5 Ne5 18. Nxe5 fxe5 19. Nc4 f6 20. Ne3 Qb7 21. Nd5 Rde8 22. Rfd1 Rhf8 23. Qf5 Bd8 24. Ne3 Rg8 25. h4 Rg7 26. Rd5 Reg8 27. Rcd1 Kb8 28. Rxd7 Qc8 29. g3 c4 30. R7d6 Rc7 31. Qxc8+ Rxc8 32. Nf5 h5 33. Rd7 e4 34. R1d4 Rc5 35. Nh6 Re8 36. Rxd8+ Rxd8 37. Rxd8+ Kc7 38. Rd4 f5 39. a4 a6 40. Ng8 axb5 41. axb5 Rxb5 42. Rxc4+ Kd6 43. Nf6 Rb1+ 44. Kg2 Rb2 45. Kf1 Rc2 46. Nxh5 b5 47. Rd4+ Kc5 48. Rd8 Rxc3 49. Rc8+ Kb4 50. Rxc3 Kxc3 51. Nf4 Kd4 52. Ke2 b4 53. Kd2 b3 54. h5 1-0

[Event "GER-ch 74th"]
[Site "Saarbruecken"]
[Date "2002.11.24"]
[Round "3"]
[White "Baramidze, David"]
[Black "Schunk, Thomas"]
[Result "1/2-1/2"]
[WhiteElo "2390"]
[BlackElo "2294"]
[EventDate "2002.11.22"]
[PlyCount "97"]

1. e4 e5 2. Nf3 d6 3. d4 Nf6 4. Nc3 Nbd7 5. Bc4 Be7 6. O-O O-O 7. Re1 c6 8. a4 Qc7 9. h3 b6 10. b3 a6 11. Bb2 Bb7 12. Bd3 g6 13. Ne2 Nh5 14. Qd2 Rfe8 15. Rad1 Rad8 16. Qc1 b5 17. Qa1 Bf8 18. c3 d5 19. Nxe5 Nxe5 20. dxe5 dxe4 21. Bxe4 Rxd1 22. Rxd1 Qxe5 23. Bf3 Bd6 24. g3 Qf6 25. Rd3 Bc8 26. c4 Qf5 27. Qd1 Bc5 28. Rd8 Ng7 29. Nf4 Qg5 30. Rxe8+ Nxe8 31. Kg2 Bb6 32. a5 Ba7 33. Qe1 Bd7 34. cxb5 Qxb5 35. Bg4 c5 36. Qe5 Bc6+ 37. Kg1 Kf8 38. Qc3 Bb8 39. Be2 Qb4 40. Qxb4 cxb4 41. Bxa6 Bc7 42. Bd4 Bxa5 43. Bc4 Bc7 44. Nd3 Bd6 45. Ne5 Bxe5 46. Bxe5 Ke7 47. Bd4 Nd6 48. Bc5 Kd7 49. Bxb4 1/2-1/2

[Event "GER-ch 74th"]
[Site "Saarbruecken"]
[Date "2002.11.24"]
[Round "3"]
[White "Barmbold, Jens"]
[Black "Breutigam, Martin"]
[Result "0-1"]
[WhiteElo "2190"]
[BlackElo "2398"]
[EventDate "2002.11.22"]
[PlyCount "92"]

1. d4 d5 2. Nf3 Nc6 3. Bf4 Bg4 4. Nbd2 e6 5. e3 Bd6 6. Bxd6 cxd6 7. Be2 Nf6 8. O-O O-O 9. h3 Bh5 10. g4 Bg6 11. Nh4 Nd7 12. Nxg6 hxg6 13. f4 e5 14. c3 Qe7 15. Kg2 Rfe8 16. Bf3 Nb6 17. a4 Na5 18. b3 Rac8 19. Rc1 exf4 20. exf4 Qf6 21. Re1 Qxf4 22. Qc2 Nc6 23. Qd3 g5 24. Nf1 Ne7 25. Ng3 Ng6 26. Nh5 Nh4+ 27. Kf2 Qh2+ 28. Kf1 Qxh3+ 29. Kf2 Rxe1 30. Rxe1 Qxf3+ 31. Qxf3 Nxf3 32. Kxf3 Rxc3+ 33. Re3 Rxe3+ 34. Kxe3 f6 35. Ng3 g6 36. Ne2 Kf7 37. a5 Nc8 38. Nc3 Ke6 39. Nb5 Kd7 40. b4 Kc6 41. Nc3 a6 42. Kf3 Ne7 43. Ke3 f5 44. Kf3 Ng8 45. Kg3 Nf6 46. gxf5 gxf5 0-1

[Event "GER-ch 74th"]
[Site "Saarbruecken"]
[Date "2002.11.24"]
[Round "3"]
[White "Bastian, Herbert"]
[Black "Becking, Stephan"]
[Result "0-1"]
[WhiteElo "2376"]
[BlackElo "2315"]
[EventDate "2002.11.22"]
[PlyCount "80"]

1. e4 d5 2. e5 c5 3. g3 Nc6 4. f4 Bf5 5. Bg2 Qd7 6. Nc3 e6 7. d3 f6 8. Nf3 d4 9. Nb1 h5 10. O-O Nh6 11. Na3 Be7 12. exf6 gxf6 13. Nh4 O-O-O 14. Nxf5 Nxf5 15. Nc4 Rdg8 16. Qf3 Nb4 17. Bd2 Nd5 18. Rae1 h4 19. g4 h3 20. Bxh3 b5 21. Na5 Bd8 22. Kh1 Nfe3 23. c4 Nxf1 24. Bxf1 Bxa5 25. Bxa5 bxc4 26. dxc4 Nb6 27. Bg2 Kd8 28. b4 Ke7 29. bxc5 Nxc4 30. Bb4 Kf7 31. c6 Qc8 32. Bc5 Ne3 33. Rb1 Rxg4 34. Rb7+ Kg6 35. Bf1 Rxh2+ 36. Kxh2 Nxf1+ 37. Qxf1 Qh8+ 38. Qh3 Rh4 39. Qxh4 Qxh4+ 40. Kg2 Qg4+ 0-1

[Event "GER-ch 74th"]
[Site "Saarbruecken"]
[Date "2002.11.24"]
[Round "3"]
[White "Bischof, Detlef"]
[Black "Mueller, Karsten"]
[Result "0-1"]
[WhiteElo "2268"]
[BlackElo "2518"]
[EventDate "2002.11.22"]
[PlyCount "114"]

1. d4 d5 2. c4 e6 3. Nc3 c6 4. Nf3 Nf6 5. cxd5 exd5 6. Bg5 h6 7. Bh4 Be7 8. Qc2 g6 9. e3 Bf5 10. Bd3 Bxd3 11. Qxd3 Nbd7 12. O-O O-O 13. Rab1 a5 14. Qc2 Ne8 15. Bxe7 Qxe7 16. e4 dxe4 17. Nxe4 Nd6 18. Rfe1 Nf6 19. Ng3 Qc7 20. h4 h5 21. Qc1 Rfe8 22. Re5 Ng4 23. Qg5 Nxe5 24. dxe5 Nc4 25. Nxh5 Rxe5 26. Nf6+ Kg7 27. Nh5+ Kf8 28. Nxe5 Qxe5 29. Qxe5 Nxe5 30. Nf4 Rd8 31. Re1 Nc4 32. Re2 Rd1+ 33. Kh2 Ra1 34. b3 Nd6 35. Nd3 Nf5 36. g3 Nd4 37. Rb2 Ke7 38. Kg2 Kd6 39. Rd2 c5 40. Nf4 Ke5 41. Nd3+ Kd6 42. f4 b5 43. Ne5 Kd5 44. Kf2 f6 45. Nd7 f5 46. Ne5 Ke4 47. Nxg6 c4 48. bxc4 bxc4 49. h5 c3 50. Rxd4+ Kxd4 51. h6 Rxa2+ 52. Kf3 Rb2 53. h7 Rb8 54. Ke2 a4 55. Ne7 Ke4 56. Ng8 Rb2+ 57. Kd1 Kd3 0-1

[Event "GER-ch 74th"]
[Site "Saarbruecken"]
[Date "2002.11.24"]
[Round "3"]
[White "Bischoff, Klaus"]
[Black "Siebrecht, Sebastian"]
[Result "1/2-1/2"]
[WhiteElo "2554"]
[BlackElo "2426"]
[EventDate "2002.11.22"]
[PlyCount "195"]

1. d4 Nf6 2. c4 e6 3. Nc3 b6 4. a3 Bb7 5. Nf3 Be7 6. d5 O-O 7. g3 a5 8. Bg2 Na6 9. O-O Nc5 10. Nd4 e5 11. Nf5 d6 12. b3 Bc8 13. Nxe7+ Qxe7 14. Bg5 Bf5 15. b4 Na6 16. e4 Bd7 17. Rb1 h6 18. Bd2 Rfc8 19. Qe2 Be8 20. Rfc1 Nb8 21. Bh3 Bd7 22. Bf1 axb4 23. axb4 c5 24. b5 Rc7 25. Ra1 Rca7 26. Rxa7 Rxa7 27. Qd1 Bc8 28. f3 Nh7 29. Bd3 Ng5 30. h4 Nh7 31. Kf2 Nf6 32. Ra1 Qc7 33. Rxa7 Qxa7 34. Qa4 Qb7 35. Nd1 Kf8 36. Ne3 Ne8 37. Qa1 Nc7 38. Bc3 Ne8 39. Ke2 Nd7 40. Kd2 Ndf6 41. Kc2 Nh5 42. Qg1 f6 43. Bd2 Qf7 44. Qf2 Ke7 45. Kb3 Kd8 46. Qh2 g5 47. Be2 Neg7 48. hxg5 hxg5 49. Kb2 Kc7 50. Bd1 Qg6 51. Be1 Qf7 52. Kc1 Kb8 53. Be2 Qg6 54. Bd2 Qf7 55. Kd1 Qg6 56. Ke1 Qf7 57. Bf1 Qd7 58. Kf2 Kc7 59. Kg1 Kb8 60. Be1 Kc7 61. Bg2 Kb8 62. Kf2 Qa7 63. Bf1 Qd7 64. Bd2 Kc7 65. Bg2 Kb8 66. Qh1 Kc7 67. Bf1 Kb8 68. Be2 Qf7 69. Qh2 Qg6 70. Be1 Kc7 71. Kg1 Kb8 72. Kf1 Kc7 73. Bd2 Kb8 74. Kf2 Kc7 75. Ke1 Kb8 76. Bd1 Kc7 77. Kf2 Kb8 78. Be2 Kc7 79. Be1 Kb8 80. Kg1 Kc7 81. Bf2 Kb8 82. Bd1 Kc7 83. Kf1 Kb8 84. Ke1 Kc7 85. Be2 Kb8 86. Qh1 Kc7 87. Kd2 Kb8 88. Qa1 Qf7 89. Kd1 Qg6 90. Be1 Qf7 91. Qa2 Qe7 92. Kc1 Qf7 93. Bd1 Qg6 94. Bc2 Qf7 95. Qa3 Qg6 96. Kb2 Qf7 97. Qd3 Qg6 98. Qe2 1/2-1/2

[Event "GER-ch 74th"]
[Site "Saarbruecken"]
[Date "2002.11.24"]
[Round "3"]
[White "Dautov, Rustem"]
[Black "Gisbrecht, Ewgeni"]
[Result "1/2-1/2"]
[WhiteElo "2617"]
[BlackElo "2414"]
[EventDate "2002.11.22"]
[PlyCount "57"]

1. d4 d5 2. c4 c6 3. Nf3 Nf6 4. Nc3 a6 5. Ne5 e6 6. Bf4 Be7 7. e3 Nbd7 8. Bd3 Nxe5 9. Bxe5 O-O 10. O-O b5 11. c5 Nd7 12. Bg3 e5 13. Bxe5 Nxe5 14. dxe5 Qc7 15. Qc2 g6 16. e4 dxe4 17. Bxe4 Qxe5 18. b4 Bf5 19. Bxf5 Qxf5 20. Qxf5 gxf5 21. Ne2 a5 22. a3 Rfd8 23. Rad1 axb4 24. axb4 Bf6 25. g3 Kg7 26. Kg2 Be5 27. f4 Bf6 28. Rxd8 Rxd8 29. Rb1 1/2-1/2

[Event "GER-ch 74th"]
[Site "Saarbruecken"]
[Date "2002.11.24"]
[Round "3"]
[White "Gutman, Lev"]
[Black "Schmidt, Harald"]
[Result "1-0"]
[WhiteElo "2476"]
[BlackElo "2332"]
[EventDate "2002.11.22"]
[PlyCount "103"]

1. d4 d6 2. Nf3 g6 3. g3 Bg7 4. Bg2 Nf6 5. O-O O-O 6. c4 Nc6 7. Nc3 e5 8. d5 Ne7 9. c5 Bd7 10. Qb3 Qb8 11. a4 h6 12. cxd6 cxd6 13. Nd2 Nf5 14. e3 Rc8 15. Nde4 Nxe4 16. Bxe4 h5 17. Bd2 h4 18. Rac1 Bh6 19. Qd1 hxg3 20. hxg3 Kg7 21. Kg2 Rh8 22. Rh1 Ne7 23. f4 a6 24. Bf3 f5 25. e4 Qf8 26. fxe5 dxe5 27. Bxh6+ Rxh6 28. Rxh6 Kxh6 29. Qd2+ Kg7 30. Rh1 Ng8 31. exf5 Bxf5 32. g4 Bd7 33. Ne4 Rc8 34. Ng5 Nf6 35. Ne6+ Bxe6 36. Qh6+ Kg8 37. Qxg6+ Qg7 38. Qxg7+ Kxg7 39. dxe6 e4 40. Bd1 Rd8 41. Kg3 Rd2 42. Kf4 Rxb2 43. g5 Ne8 44. Bh5 Kf8 45. Ke5 e3 46. Bxe8 Kxe8 47. Rh8+ Ke7 48. Rh7+ Kf8 49. g6 Rg2 50. Rf7+ Ke8 51. g7 e2 52. Kd6 1-0

[Event "GER-ch 74th"]
[Site "Saarbruecken"]
[Date "2002.11.24"]
[Round "3"]
[White "Handke, Florian"]
[Black "Schulz, Karsten"]
[Result "1/2-1/2"]
[WhiteElo "2504"]
[BlackElo "2321"]
[EventDate "2002.11.22"]
[PlyCount "178"]

1. e4 g6 2. d4 Bg7 3. Nf3 d6 4. c3 Nf6 5. Bd3 O-O 6. O-O Nbd7 7. Re1 e5 8. Nbd2 Nh5 9. Nb3 h6 10. Bf1 Qe7 11. g3 Nhf6 12. Bg2 b6 13. Nbd2 Bb7 14. Qc2 Rfe8 15. b3 exd4 16. cxd4 c5 17. Bb2 cxd4 18. Bxd4 Rac8 19. Qb2 Ne5 20. Qa3 Nd3 21. Re2 d5 22. Qxe7 Rxe7 23. e5 Ng4 24. Bh3 h5 25. a4 Ba6 26. Bf1 Nb4 27. Ree1 Bxf1 28. Nxf1 Nd3 29. Red1 Ngxe5 30. Nxe5 Nxe5 31. Kg2 Ng4 32. Ra2 Bxd4 33. Rxd4 Rc1 34. h3 Nf6 35. Ne3 Re4 36. Rad2 Rxd4 37. Rxd4 Rb1 38. Nxd5 Nxd5 39. Rxd5 Rxb3 40. Rd7 a5 41. Rb7 Rb4 42. h4 Kg7 43. f3 Kf6 44. Kh3 Ke6 45. g4 Rb3 46. Kg2 Rb4 47. Kg3 f6 48. Rc7 hxg4 49. fxg4 Rb3+ 50. Kg2 Rb4 51. Kg3 f5 52. Rc6+ Kf7 53. Rc7+ Ke8 54. gxf5 gxf5 55. h5 Kf8 56. h6 Kg8 57. Rg7+ Kh8 58. Rb7 Rxa4 59. Rxb6 Kh7 60. Rb5 f4+ 61. Kg4 Kxh6 62. Rc5 Kg6 63. Rb5 Kf6 64. Kf3 Ke6 65. Rh5 Kd6 66. Rh6+ Kd5 67. Rh5+ Kd4 68. Kxf4 Ra2 69. Kg3 a4 70. Rh4+ Ke3 71. Rb4 a3 72. Rb3+ Ke4 73. Rc3 Kd4 74. Rf3 Ra1 75. Kg2 Ke4 76. Rb3 Ra2+ 77. Kh1 Kd4 78. Rg3 Ke5 79. Rb3 Kf4 80. Rc3 Ke5 81. Rb3 Kd5 82. Rg3 Ra1+ 83. Kh2 Kd4 84. Rg4+ Ke3 85. Rg3+ Kf4 86. Rc3 a2 87. Ra3 Kg4 88. Kg2 Kf5 89. Ra8 Ke4 1/2-1/2

[Event "GER-ch 74th"]
[Site "Saarbruecken"]
[Date "2002.11.24"]
[Round "3"]
[White "Holzhaeuer, Mathias"]
[Black "Langrock, Hannes"]
[Result "1-0"]
[WhiteElo "2407"]
[BlackElo "2265"]
[EventDate "2002.11.22"]
[PlyCount "81"]

1. e4 c5 2. Nf3 e6 3. c3 Nf6 4. e5 Nd5 5. d4 cxd4 6. cxd4 b6 7. Bd2 Bb7 8. Nc3 Nxc3 9. Bxc3 Bd5 10. Bd3 Be7 11. h4 Nc6 12. a3 d6 13. Rh3 f5 14. exf6 Bxf6 15. Qc2 h6 16. Bg6+ Kf8 17. Qd2 b5 18. Qf4 a5 19. b4 axb4 20. axb4 Rxa1+ 21. Bxa1 Ne7 22. Bd3 Qa8 23. Bb2 Qa2 24. Qd2 Kf7 25. Ne5+ dxe5 26. dxe5 Rd8 27. exf6 Bc4 28. fxe7 Rxd3 29. Rxd3 Bxd3 30. Qxd3 Qxb2 31. Qxb5 Kxe7 32. Qc5+ Kd7 33. h5 Qb1+ 34. Kd2 Qb2+ 35. Ke3 Qb3+ 36. Kf4 e5+ 37. Kxe5 Ke8 38. Qc8+ Kf7 39. Qf5+ Ke7 40. Qe4 Kf8 41. Qf3+ 1-0

[Event "GER-ch 74th"]
[Site "Saarbruecken"]
[Date "2002.11.24"]
[Round "3"]
[White "Huebner, Robert"]
[Black "Gustafsson, Jan"]
[Result "1-0"]
[WhiteElo "2640"]
[BlackElo "2554"]
[EventDate "2002.11.22"]
[PlyCount "87"]

1. c4 Nf6 2. Nc3 c5 3. Nf3 d5 4. cxd5 Nxd5 5. e3 Nxc3 6. bxc3 g6 7. Bb5+ Bd7 8. Qb3 Qc7 9. O-O Bg7 10. d4 O-O 11. a4 Nc6 12. Ba3 b6 13. dxc5 Be6 14. cxb6 axb6 15. Qb2 Na5 16. Nd4 Bc4 17. Rfd1 Rfd8 18. Bb4 Bd5 19. Qe2 Bf6 20. Rab1 Rac8 21. Ba6 Bc4 22. Bxc4 Qxc4 23. Kf1 Qc7 24. g3 Nc4 25. Kg1 Ra8 26. Ra1 Rac8 27. Nb5 Rxd1+ 28. Rxd1 Qb7 29. e4 Qa8 30. Qc2 h5 31. Nd4 Rd8 32. Re1 Qc8 33. Nf3 Qc6 34. Qe2 e5 35. Kg2 Kg7 36. h3 Ra8 37. Rd1 Rxa4 38. Nd2 Nd6 39. Qd3 Be7 40. Nf3 Nc8 41. Nxe5 Qe6 42. Nd7 Bxb4 43. cxb4 Ra7 44. Qc3+ 1-0

[Event "GER-ch 74th"]
[Site "Saarbruecken"]
[Date "2002.11.24"]
[Round "3"]
[White "Kritz, Leonid"]
[Black "Jussupow, Artur"]
[Result "1/2-1/2"]
[WhiteElo "2476"]
[BlackElo "2622"]
[EventDate "2002.11.22"]
[PlyCount "48"]

1. Nf3 d5 2. b3 Bg4 3. e3 Nd7 4. Bb2 e6 5. d3 c6 6. Nbd2 h6 7. Be2 Ngf6 8. O-O Bd6 9. e4 Bc7 10. h3 Bh5 11. e5 Ng8 12. c4 Ne7 13. d4 O-O 14. Nh4 Bxe2 15. Qxe2 Ng6 16. Nxg6 fxg6 17. Qg4 Qe8 18. Nf3 Bd8 19. Bc1 g5 20. Be3 Qg6 21. Rac1 Rf7 22. Nd2 Nf8 23. Qe2 Be7 24. f4 gxf4 1/2-1/2

[Event "GER-ch 74th"]
[Site "Saarbruecken"]
[Date "2002.11.24"]
[Round "3"]
[White "Mayer, Frank"]
[Black "Kalinitschew, Sergey"]
[Result "0-1"]
[WhiteElo "2256"]
[BlackElo "2485"]
[EventDate "2002.11.22"]
[PlyCount "92"]

1. Nf3 e6 2. c4 b6 3. g3 Bb7 4. Bg2 f5 5. O-O Nf6 6. d4 a5 7. d5 Na6 8. Nd4 Nc5 9. Nc3 Bd6 10. dxe6 Bxg2 11. exd7+ Qxd7 12. Kxg2 Be5 13. Ndb5 Qf7 14. Qc2 O-O 15. Qxf5 Rae8 16. Be3 Qxc4 17. Qc2 Bxc3 18. Nxc3 Ng4 19. Qd2 Rd8 20. Qc1 Ne4 21. Nxe4 Qxe4+ 22. Kg1 Nxe3 23. fxe3 Rxf1+ 24. Qxf1 Qxe3+ 25. Qf2 Qe6 26. Qe1 Re8 27. Qc3 Qxe2 28. Rf1 Qe3+ 29. Qxe3 Rxe3 30. Kf2 Re4 31. Rc1 c5 32. Rd1 Rb4 33. Rd2 Kf7 34. b3 Ke6 35. Ke3 a4 36. bxa4 Rxa4 37. Rb2 Kd5 38. Rxb6 Rxa2 39. Rb7 Rxh2 40. Rxg7 Kc4 41. Rc7 Rh3 42. Kd2 h5 43. Rh7 Rh2+ 44. Kd1 Kd3 45. Kc1 c4 46. Rf7 Rh1+ 0-1

[Event "GER-ch 74th"]
[Site "Saarbruecken"]
[Date "2002.11.24"]
[Round "3"]
[White "Pirrot, Dieter"]
[Black "Tischbierek, Raj"]
[Result "1/2-1/2"]
[WhiteElo "2421"]
[BlackElo "2523"]
[EventDate "2002.11.22"]
[PlyCount "53"]

1. e4 Nf6 2. e5 Nd5 3. d4 d6 4. c4 Nb6 5. f4 dxe5 6. fxe5 c5 7. d5 e6 8. Nc3 exd5 9. cxd5 c4 10. Nf3 Bb4 11. Bg5 Bxc3+ 12. bxc3 Qxd5 13. Qxd5 Nxd5 14. O-O-O Ne7 15. Bxc4 Nbc6 16. Rhf1 Be6 17. Bxe6 fxe6 18. Nd4 Nxd4 19. Rxd4 Rc8 20. Kb2 Nd5 21. c4 Nb6 22. Kb3 Rf8 23. Rxf8+ Kxf8 24. Bd2 Ke8 25. Bb4 Rc7 26. Ba5 Rc6 27. Bb4 1/2-1/2

[Event "GER-ch 74th"]
[Site "Saarbruecken"]
[Date "2002.11.24"]
[Round "3"]
[White "Riegler, Dieter"]
[Black "Stewart, Neil"]
[Result "1/2-1/2"]
[WhiteElo "2233"]
[BlackElo "2388"]
[EventDate "2002.11.22"]
[PlyCount "66"]

1. d4 f5 2. Bg5 g6 3. Nc3 Bg7 4. e4 fxe4 5. Nxe4 d5 6. Nc5 b6 7. Nb3 Qd6 8. Nf3 Nd7 9. c3 Ngf6 10. Bh4 Ne4 11. Bd3 O-O 12. Qe2 Bb7 13. Rd1 Rae8 14. O-O Qf4 15. Bg3 Nxg3 16. Qe6+ Qf7 17. Qxf7+ Rxf7 18. hxg3 e5 19. dxe5 Nxe5 20. Nxe5 Bxe5 21. Nd4 a6 22. f4 Bd6 23. Rfe1 Rfe7 24. Rxe7 Rxe7 25. Kf2 c5 26. Nf3 Kg7 27. Re1 Rxe1 28. Kxe1 Kf6 29. Kf2 Bc8 30. Nh2 b5 31. Kf3 h5 32. g4 g5 33. gxh5 Bxf4 1/2-1/2

[Event "GER-ch 74th"]
[Site "Saarbruecken"]
[Date "2002.11.24"]
[Round "3"]
[White "Scherer, Max"]
[Black "Lentrodt, Thomas"]
[Result "1-0"]
[WhiteElo "2339"]
[BlackElo "2300"]
[EventDate "2002.11.22"]
[PlyCount "147"]

1. c4 c5 2. g3 Nc6 3. Bg2 g6 4. e3 Bg7 5. Ne2 Nf6 6. Nbc3 O-O 7. O-O Ne5 8. d3 d6 9. h3 Rb8 10. f4 Nc6 11. g4 Bd7 12. Ng3 a6 13. a4 Ne8 14. Rf2 Nc7 15. Be4 b5 16. axb5 axb5 17. Qf3 Nb4 18. f5 e6 19. f6 Bh6 20. Bd2 Bg5 21. Raf1 Ne8 22. Bxg6 hxg6 23. Nce4 Bh4 24. Bxb4 cxb4 25. g5 Kh7 26. Qf4 Bxg3 27. Nxg3 Rh8 28. h4 Kg8 29. h5 gxh5 30. g6 Bc6 31. Qg5 h4 32. Nh5 e5 33. e4 Qb6 34. Kh2 Qd4 35. Rg2 Qxd3 36. gxf7+ Kxf7 37. Qg6+ Kf8 38. f7 Ke7 39. fxe8=Q+ Rbxe8 40. Qg5+ Kd7 41. Rf7+ Kc8 42. Qf5+ Kb8 43. Nf6 h3 44. Rf2 Rd8 45. cxb5 Qxb5 46. Rc2 Qb6 47. Qe6 b3 48. Re2 Rh4 49. Qe7 Rf4 50. Kxh3 Rh8+ 51. Kg2 Bxe4+ 52. Nxe4 Rg8+ 53. Rg7 Rg4+ 54. Rxg4 Rxg4+ 55. Kh3 Rg8 56. Qxd6+ Qxd6 57. Nxd6 Kc7 58. Nc4 Kc6 59. Rxe5 Rg1 60. Na5+ Kb6 61. Nxb3 Rb1 62. Na5 Rc1 63. b3 Rg1 64. Nc4+ Kc7 65. Rc5+ Kb7 66. b4 Rg8 67. b5 Rg1 68. Kh4 Rg2 69. Kh5 Rg1 70. Kh6 Rg4 71. Kh7 Ka7 72. Rc7+ Kb8 73. b6 Rg5 74. Nd6 1-0